| 000 | 00716nam a22001937a 4500 | ||
|---|---|---|---|
| 003 | OSt | ||
| 005 | 20180116183108.0 | ||
| 008 | 171031b xxu||||| |||| 00| 0 eng d | ||
| 020 | _a9781861242310 | ||
| 040 | _c0 | ||
| 082 | _a658.72 CIPS 2016 | ||
| 100 | _aCIPS | ||
| 110 | _aChartered Institute of Procurement & Supply | ||
| 245 |
_aManaging Contracts and Relationships in Procurement and Supply D5 _bDiploma in Procurement and Supply _cChartered Institute of Procurement & Supply |
||
| 260 |
_aStamford _bProfex Publishing Ltd. _c2016 |
||
| 300 |
_a219p. _bpb. |
||
| 440 |
_aManaging Contracts and Relationships in Procurement and Supply _nWith Part 2nd Page 77 (10358-A) |
||
| 942 |
_2ddc _cBK _k658.72 CIPS 2016 |
||
| 999 |
_c352120 _d352120 |
||